000
00259nam a2200109Ia 4500
008
200302s9999 xx 000 0 und d
100
_a
Joseph Boscheti
245
_a
Spaces 4 Water
260
_b
The Emages Publishing Gropup Ltd
260
_c
2005
300
_a
224
999
_c
3734
_d
3734